Vector analysis with an introduction to tensor analysis
Gespeichert in:
| 1. Verfasser: | |
|---|---|
| Format: | Buch |
| Sprache: | Englisch |
| Veröffentlicht: |
Nueva York
Dover
1958
|
| Schriftenreihe: | Dover Books on Mathematics
|
| Schlagworte: | |
| Tags: |
Tag hinzufügen
Keine Tags, Fügen Sie den ersten Tag hinzu!
|
MARC
| LEADER | 00000cam a2200000 a 4500 | ||
|---|---|---|---|
| 001 | UCQ9585 | ||
| 003 | CL-VaPUC | ||
| 008 | 990112e19580000US |||||||||||||||||eng|d | ||
| 082 | 0 | 4 | |a 515.63 |b WIL |2 21 |
| 100 | 0 | |a Wills, A. P |e author |9 424230 | |
| 245 | 1 | 0 | |a Vector analysis with an introduction to tensor analysis |
| 300 | |a 285 p | ||
| 942 | |c BK | ||
| 945 | |d 19990112 00:00:00 |a crobeson | ||
| 260 | |a Nueva York |b Dover |c 1958 | ||
| 650 | 0 | |a Análisis vectorial |9 260451 | |
| 650 | 0 | |a Análisis tensorial |9 423039 | |
| 583 | |a last modification |c 20120823 05:30:52 |k Rodrigo Vera | ||
| 490 | 0 | |a Dover Books on Mathematics | |
| 999 | |c 278581 |d 278579 | ||
| 952 | |0 0 |1 0 |4 0 |6 515_630000000000000_WIL_1958 |7 0 |8 A |9 317205 |a BIBMAT |b BIBMAT |d 2019-11-20 |i 1316451 |o 515.63 WIL 1958 |p 1316451 |r 2025-01-07 |w 2019-11-20 |y BK |k MAT | ||
| 952 | |0 0 |1 0 |4 0 |6 515_630000000000000_WIL_1958 |7 0 |8 A |9 317206 |a BIBMAT |b BIBMAT |d 2019-11-20 |i 4889444 |o 515.63 WIL 1958 |p 4889444 |r 2025-01-07 |w 2019-11-20 |y BK |k MAT | ||